A textbook of strength of materials : (Record no. 12295)

MARC details
000 -LEADER
fixed length control field 00603nac a22001931u 4500
008 - FIXED-LENGTH DATA ELEMENTS--GENERAL INFORMATION
fixed length control field 090709t2007 xxu|||||r|||| 001 0 eng d
020 ## - INTERNATIONAL STANDARD BOOK NUMBER
International Standard Book Number 8131800008
020 ## - INTERNATIONAL STANDARD BOOK NUMBER
International Standard Book Number 9788131800003
082 ## - DEWEY DECIMAL CLASSIFICATION NUMBER
Classification number 620.11
Item number BAN
Edition number 22
100 ## - MAIN ENTRY--PERSONAL NAME
Personal name Bansal, R. K.
9 (RLIN) 7854
245 ## - TITLE STATEMENT
Title A textbook of strength of materials :
Statement of responsibility, etc R.K. Bansal.
Remainder of title (In S. I. Units) /
246 ## - VARYING FORM OF TITLE
Title proper/short title strength of materials
250 ## - EDITION STATEMENT
Edition statement 4th ed.
260 ## - PUBLICATION, DISTRIBUTION, ETC. (IMPRINT)
Place of publication, distribution, etc New Delhi :
Name of publisher, distributor, etc Laxmi Publications,
Date of publication, distribution, etc 2007.
300 ## - PHYSICAL DESCRIPTION
Extent 1092 p.:
Other physical details ill. charts ;
Dimensions 24 cm.
500 ## - GENERAL NOTE
General note Includes index.
650 ## - SUBJECT ADDED ENTRY--TOPICAL TERM
Topical term or geographic name as entry element Materials.
9 (RLIN) 7855
942 ## - ADDED ENTRY ELEMENTS (KOHA)
Item type Book - Borrowing
Call number prefix 620.11BAN
Source of classification or shelving scheme Dewey Decimal Classification
Holdings
Withdrawn status Item status Source of classification or shelving scheme Damaged status Not for loan Vendor Home library Current library Shelving location Date acquired Source of acquisition Cost, normal purchase price Serial Enumeration / chronology Total Checkouts Full call number Barcode Date last seen Date last borrowed Koha item type
    Dewey Decimal Classification     Alahram Central Library Central Library First floor 09/07/2009   149.00 360 1 620.11 BAN 000017462 15/07/2025 09/09/2012 Book - Borrowing